Croix-du-buisson, (Record no. 1395)

MARC details
000 -LEADER
fixed length control field 00588cam a22002051 4500
001 - CONTROL NUMBER
control field af 47001775
003 - CONTROL NUMBER IDENTIFIER
control field DLC
005 - DATE AND TIME OF LATEST TRANSACTION
control field 20260227110810.0
008 - FIXED-LENGTH DATA ELEMENTS--GENERAL INFORMATION
fixed length control field 810320s1945 fr 000 1 fre c
010 ## - LIBRARY OF CONGRESS CONTROL NUMBER
LC control number af 47001775
035 ## - SYSTEM CONTROL NUMBER
System control number (OCoLC)7242798
040 ## - CATALOGING SOURCE
Original cataloging agency Chicago. Univ. Library
Transcribing agency OCoLC
Modifying agency DLC
042 ## - AUTHENTICATION CODE
Authentication code premarc
050 00 - LIBRARY OF CONGRESS CALL NUMBER
Classification number PQ2613.I78
Item number C7
100 2# - MAIN ENTRY--PERSONAL NAME
Personal name Girodet-Eymard, J.
245 10 - TITLE STATEMENT
Title Croix-du-buisson,
Remainder of title récit ...
260 ## - PUBLICATION, DISTRIBUTION, ETC.
Place of publication, distribution, etc. [Paris]
Name of publisher, distributor, etc. Éditions du Pavois
Date of publication, distribution, etc. [1945]
300 ## - PHYSICAL DESCRIPTION
Extent 4 p. l., [11]-365 p., 1 l.
Dimensions 19 cm.
500 ## - GENERAL NOTE
General note At head of title: ... Un nouvel état civil.

No items available.

Powered by Koha